Štatistika základných fondov, investičnej výstavby a technického rozvoja

Na minha lista:
Detalhes bibliográficos
Autor principal: Dmitrenková, Zuzana
Autor Corporativo: Vysoká škola ekonomická v Bratislave. Národohospodárska fakulta
Formato: Livro
Idioma:eslovaco
Publicado em: Bratislava VŠE 1987
Edição:1. vyd.
Tags: Adicionar Tag
Sem tags, seja o primeiro a adicionar uma tag!

MARC

LEADER 00000nam a2200000 4500
001 c024669
005 20221219095304.0
041 0 |a slo 
044 |a SK 
245 1 0 |a Štatistika základných fondov, investičnej výstavby a technického rozvoja  |c Zuzana Dmitrenková 
250 |a 1. vyd. 
264 1 |a Bratislava  |b VŠE  |c 1987 
300 |a 253 s. 
100 1 |a Dmitrenková, Zuzana 
710 2 |a Vysoká škola ekonomická v Bratislave. Národohospodárska fakulta